Central Library OPAC University of Rajshahi
Normal view MARC view

Entry Personal Name

Number of records used in: 1

001 - CONTROL NUMBER

  • control field: 5875

003 - CONTROL NUMBER IDENTIFIER

  • control field: BD-RjUL

005 - DATE AND TIME OF LATEST TRANSACTION

  • control field: 20221116165211.0

008 - FIXED-LENGTH DATA ELEMENTS

  • fixed length control field: 221116|| aca||aabn | a|a d

040 ## - CATALOGING SOURCE

  • Original cataloging agency: BD-RjUL
  • Transcribing agency: BD-RjUL

100 ## - HEADING--PERSONAL NAME

  • Personal name: Das, Mrs. Rina Rani

670 ## - SOURCE DATA FOUND

  • Source citation: Work cat.: (BD-RjUL)80789: Das, Mrs. Rina Rani, Cytogenetical studies of some ladybird beetles (Coleoptera :, 2004